000 01064nam a2200217Ia 4500
999 _c38017
_d38017
001 4002
003 GE_BSU
005 20190827150522.0
008 181216s1964||||ge |||||||||||||| ||geo||
040 _cGE_BSU
041 _ageo
080 _a34(479.22)(09) ფ–98
100 _aფუტკარაძე, ი.
_93811
245 _aქართველ მთიელთა სამართლის ისტორიისათვის /
_cრედ. ი. დოლიძე ; საქ. სსრ მეცნ. აკად., ეკონომიკის და სამართლის ინ-ტი.
264 _a თბ. :
_bმეცნიერება,
_c1964.
300 _a125 გვ. ;
_b21 სმ.
653 _a ქართული სამართლის ისტორია
700 _aდოლიძე, ი.
_eრედაქტორი
_93777
710 _aსაქ. სსრ მეცნ. აკად., ეკონომიკის და სამართლის ინ-ტი
_93812
942 _cBK
_2udc